|
|
|
|
| LEADER |
00838nam a2200217 a 4500 |
| 001 |
GR-Patra5382 |
| 008 |
991022s1993 xxu g 000 b eng d |
| 020 |
|
|
|a 0130925039
|
| 040 |
|
|
|a GrPaTEI
|b gre
|c GR-PaULI
|
| 082 |
|
0 |
|a 658.45
|
| 100 |
1 |
|
|a Baird, John W.
|q (John William),
|d 1944-
|
| 245 |
1 |
0 |
|a Business communication :
|b a classroom simulation /
|c John W. Baird, James B. Stull.
|
| 260 |
|
|
|a Englewood Cliffs :
|b Prentice-Hall,
|c c1993
|
| 300 |
|
|
|a ix, 172σ. :
|b πίν.
|
| 650 |
|
0 |
|a Business communication
|
| 650 |
|
0 |
|a SIMULATION
|
| 700 |
1 |
|
|a Stull, James B.
|
| 942 |
|
|
|2 ddc
|
| 952 |
|
|
|0 0
|1 0
|2 ddc
|4 0
|6 658_450000000000000_STU
|7 0
|9 286619
|a LISK
|b LISK
|c BSC
|d 2021-01-17
|e 24
|f 1
|g 0.00
|l 0
|o 658.45 STU
|p 9241007730
|r 2021-01-17 00:00:00
|t 1
|w 2021-01-17
|y BK15
|x 19991024 0 1
|x GrPaTEI
|
| 971 |
|
|
|a .b26528897
|b 01-10-20
|c 23-09-16
|
| 999 |
|
|
|c 167177
|d 167177
|